000 00385nam a2200169Ia 4500
001 22653
005 20260414150845.0
008 260414t2007||||xx |||||||||||||| ||spa||
041 _aESP
082 _a621.3827
_bC27 2007
100 _aCapmany Francoy, José
_eAUT
245 0 _aRedes ópticas
_b
260 _c2007
650 _aTCA
654 _aCET
942 _cLIB
_dJUS
_fJUS
_2ddc
_n
999 _c22653
_d22653